महिला क्रंतिकारकांच्या कथा (Record no. 370018)

MARC details
000 -LEADER
fixed length control field 00559nam a2200169Ia 4500
005 - DATE AND TIME OF LATEST TRANSACTION
control field 20260121165315.0
008 - FIXED-LENGTH DATA ELEMENTS--GENERAL INFORMATION
fixed length control field 260121s9999 xx 000 0 und d
020 ## - INTERNATIONAL STANDARD BOOK NUMBER
International Standard Book Number 978-81-948674-2-5
041 ## - LANGUAGE CODE
Language code of text/sound track or separate title mar
082 ## - DEWEY DECIMAL CLASSIFICATION NUMBER
Classification number 920.72
100 ## - MAIN ENTRY--PERSONAL NAME
Personal name रावल - सिन्हा, मनोशी
9 (RLIN) 216410
245 ## - TITLE STATEMENT
Title महिला क्रंतिकारकांच्या कथा
250 ## - EDITION STATEMENT
Edition statement 1
260 ## - PUBLICATION, DISTRIBUTION, ETC. (IMPRINT)
Name of publisher, distributor, etc. भारतीय विचार साधना पुणे
Date of publication, distribution, etc. 2020
300 ## - PHYSICAL DESCRIPTION
Extent 80
650 ## - SUBJECT ADDED ENTRY--TOPICAL TERM
Topical term or geographic name as entry element मराठी साहित्य
Holdings
Withdrawn status Lost status Damaged status Not for loan Home library Current library Date acquired Vendor Cost, normal purchase price Bill number Total Checkouts Full call number Barcode Date last seen Cost, replacement price Bill Date Koha item type Original Barcode
        Manilal Nanavati Vocational Training Institute Pune Manilal Nanavati Vocational Training Institute Pune 25/04/2025 BVS 105.00 Ho/IN/603   920.72/RAV/B2225 MNVT-BK-2225 21/01/2026 150.00 18/03/2025 Books B2225